| 000 | 00830nam a2200229Ia 4500 | ||
|---|---|---|---|
| 008 | 130821s1996 ck gr spa | ||
| 040 |
_aCo-BoUCM _bspa |
||
| 041 | 0 | 0 | _aspa |
| 100 | 1 |
_aMolina Arrubla, Carlos Mario _931339 |
|
| 245 | 1 | 3 |
_aEl delito de hurto Hurto simple, calificado, agravado, de uso y entre codueños Estudio delictual y contravencional _cCarlos Mario Molina Arrubla |
| 250 | _a1a. ed. | ||
| 260 |
_aBogotá (Cundinamarca, Colombia) _bLeyer _c1996 |
||
| 300 | _a340 páginas | ||
| 504 | _aIncluye índices | ||
| 650 | 0 | 4 |
_aCriminología _912152 |
| 650 | 0 | 4 |
_aDerecho penal _912805 |
| 650 | 0 | 4 |
_aDerecho penal _xLegislación _zColombia _930634 |
| 650 | 0 | 4 |
_aHurto _917097 |
| 650 | 0 | 4 |
_aHurto _zColombia _917097 |
| 942 |
_cLIBRO _a8 _e1 _mM65 _2DEWEY _h364.162 |
||
| 999 |
_c21555 _d21555 |
||